000 00429nam a2200181Ia 4500
001 19040
005 20260306171714.0
008 260306s9999||||xx |||||||||||||| ||und||
041 _aESP
082 _a658.8
_bB74
100 _aBorrero Briceño, Julio César
_eAUT
245 0 _aMarketing estratégico
260 _c1998
300 _a457páginas :
_c21 cm.
650 _aGEN
654 _aCAN
942 _cLIB
_dJUS
_fJUS
_2ddc
_n
999 _c19040
_d19040